000 00274nam a2200121Ia 4500
008 190216s9999||||xx |||||||||||||| ||und||
100 _aSingh K
245 0 _aIndustrial Sociology
260 _bPrakasan Kendra
_c1997
300 _a348 p
650 _aEconomics
942 _cBK
999 _c10183
_d10183